[Event "Anderssen Memorial Open-A 2020"]
[Site "Wroclaw"]
[Date "2020.08.02"]
[Round "3.6"]
[White "Golecki, Jan"]
[Black "Kanicki, Krzysztof"]
[Result "1-0"]
[WhiteElo "2106"]
[BlackElo "2163"]
[Annotator "TA"]
[PlyCount "55"]
[EventDate "2020.08.01"]
[EventType "swiss"]
[EventCountry "POL"]
[SourceTitle "playchess.com"]
[Source "ChessBase"]
[SourceQuality "1"]

{[%evp 18,55,16,0,0,0,17,8,6,19,10,7,31,32,82,86,150,140,384,372,611,611,564,454,435,437,438,414,445,456,680,673,847,826,808,729,29988,1055,29990,29991]} 1. e4 c5 2. Nf3 Nc6 3. Bb5 g6 4. O-O Bg7 5. c3 Nf6 6. Re1 O-O 7. h3 e5 8. d4 cxd4 9. cxd4 exd4 {9...Nxd4 might become the main line.} 10. e5 Nd5 $1 {B31: Sicilian: 2...Nc6 3 Bb5 g6.} 11. Bg5 Qb6 12. Na3 a6 {The position is equal.} 13. Bxc6 dxc6 14. Nc4 {[#]} Qc7 $146 ({Predecessor:} 14... Qa7 15. Nxd4 h6 16. Bh4 a5 17. Nd6 Qb6 18. a3 Bd7 19. Qd2 c5 20. N4b5 Bxb5 21. Qxd5 {1-0 (27) Wunderlich,H (2562)-Gilimshin,A (2607) ICCF email 2004}) 15. Qxd4 Be6 16. Qh4 h5 (16... Nb4 $142) 17. Rad1 $16 c5 $2 (17... Nb6 $16) 18. g4 $18 Kh7 $2 (18... hxg4 19. hxg4 Rfe8) 19. gxh5 Rh8 20. h6 {And now Ne3 would win.} Kg8 21. Qe4 Bxh6 22. Rxd5 Bxd5 23. Qxd5 {Threatens to win with e6.} Bxg5 (23... Qc6 $142 24. Qxc6 bxc6) 24. Nxg5 {Hoping for e6.} Kg7 25. Nd6 {[%mdl 64] Double Attack} Rhf8 26. e6 Rad8 27. e7 (27. Qe5+ $142 f6 {[#]} 28. Nf5+ $1 {[%mdl 576] Discovered Attack} gxf5 29. Qxc7+ Rd7 30. Qxd7+ Kh6 31. Qh7+ {[%mdl 64] Double Attack} Kxg5 32. f4+ $1 {[%mdl 576] Deflection, Decoy} Kxf4 33. Qh6+ {[%mdl 64] Double Attack} Kg3 34. Re3#) 27... Rxd6 28. Qe5+ {Black got outplayed after the opening. Accuracy: White = 85%, Black = 33%.} 1-0

[Event "Anderssen Memorial Open-A 2020"]
[Site "Wroclaw"]
[Date "2020.08.02"]
[Round "3.7"]
[White "Borowski, Przemyslaw"]
[Black "Mondrzycki, Bartlomiej"]
[Result "0-1"]
[WhiteElo "1790"]
[BlackElo "2140"]
[Annotator "TA"]
[PlyCount "68"]
[EventDate "2020.08.01"]
[EventType "swiss"]
[EventCountry "POL"]
[SourceTitle "playchess.com"]
[Source "ChessBase"]
[SourceQuality "1"]

{[%evp 9,68,-31,-25,-51,-43,-46,-58,-46,-29,-29,-26,-40,-44,-68,-62,-68,-55,-63,-69,-178,-183,-192,-146,-144,-135,-146,-128,-166,-152,-201,-191,-202,-198,-190,-188,-188,-163,-140,-151,-158,-135,-212,-223,-261,-117,-95,-85,-214,-217,-360,-360,-612,-472,-530,-344,-339,-309,-565,-568,-579,-544]} 1. e4 c5 2. b4 cxb4 3. a3 d5 4. e5 Qc7 5. d4 Bf5 6. Bd3 {B20: Sicilian: Unusual White 2nd moves.} Bxd3 $1 7. Qxd3 e6 8. axb4 {Black is slightly better.} Bxb4+ 9. c3 {Qb5+ is the strong threat.} Be7 {[#]} 10. Na3 $146 ({Predecessor:} 10. Qg3 g6 11. Ne2 Nd7 12. O-O Nb6 13. Na3 Qc6 14. Qd3 a6 15. Nc2 Nc4 16. g4 {0-1 (51) Cueto Chajtur,J (2306)-Wong,M (2470) Mallorca 2004}) 10... a6 11. Nb5 Qc6 12. Ne2 Nd7 13. O-O Nb6 14. Nd6+ (14. Qg3 $15 Kf8 15. Na3) 14... Bxd6 $19 15. exd6 Qxd6 16. Bf4 Qd7 17. Qg3 f6 18. Rfe1 Kf7 19. Nc1 Nc4 $1 20. Nd3 {[#] Black must now prevent Nc5.} b6 $1 21. Ra2 Ne7 22. Rae2 Nf5 23. Qh3 Rhe8 24. g4 {[#]} Nfd6 $1 25. f3 (25. Bxd6 $17 Qxd6 26. Qf3 (26. Qxh7 $2 Rh8 $19)) 25... Kg8 26. g5 Nf5 (26... fxg5 $19 27. Bxd6 Qxd6) 27. gxf6 $17 gxf6 28. Rg2+ {Now White is beyond hope.} (28. Bg3 $17) 28... Kh8 $19 29. Bh6 (29. Bg3 {was worth a try.} Rg8 30. Nf4) 29... Rg8 30. Ree2 $2 (30. Bc1) 30... Rxg2+ 31. Rxg2 Qf7 32. Kf2 Rg8 33. Nf4 $2 (33. Rxg8+ Qxg8 34. Bf4) 33... Rxg2+ 34. Kxg2 a5 {Accuracy: White = 39%, Black = 71%.} 0-1

[Event "Anderssen Memorial Open-A 2020"]
[Site "Wroclaw"]
[Date "2020.08.02"]
[Round "3.8"]
[White "Jankowiak, Tomasz"]
[Black "Jankowiak, Piotr"]
[Result "1-0"]
[WhiteElo "2115"]
[BlackElo "2009"]
[Annotator "TA"]
[PlyCount "94"]
[EventDate "2020.08.01"]
[EventType "swiss"]
[EventCountry "POL"]
[SourceTitle "playchess.com"]
[Source "ChessBase"]
[SourceQuality "1"]

{[%evp 9,94,24,34,17,29,25,37,1,24,16,24,21,29,29,31,0,0,0,4,0,0,0,25,27,14,26,43,42,52,46,126,117,120,116,109,124,84,14,21,0,0,4,10,0,76,9,25,2,54,52,53,64,43,0,0,-8,-8,0,0,0,2186,1432,5057,5057,3583,2183,5157,6087,5241,5118,29975,29976,29976,29977,29978,29979,29979,29979,29980,29981,29981,29982,29982,29983,29983,29983,29993]} 1. e4 e5 2. Nf3 Nf6 3. Nxe5 d6 4. Nf3 Nxe4 5. c4 d5 6. Nc3 {C42: Petroff Defence: 3 Nxe5 and unusual White 3rd moves.} Nf6 7. d4 Be7 8. Bg5 {White is slightly better.} Nbd7 9. Bd3 dxc4 10. Bxc4 O-O 11. O-O Nb6 {[#]} 12. Bd3 $146 ({Predecessor:} 12. Bb3 h6 13. Bh4 Bf5 14. h3 c6 15. Re1 g5 16. Bg3 Bd6 17. Bxd6 Qxd6 18. a4 Rad8 19. Qd2 Kg7 20. a5 {½-½ (24) Neugebauer,J-Rubertus,W Hofheim 1995}) 12... Bg4 13. Re1 Re8 14. h3 $36 {[%mdl 2048] White is pushing.} Bh5 15. Re5 Bg6 (15... Bxf3 $5 16. Qxf3 (16. gxf3 Nfd7 $15) 16... Qxd4 $14) 16. Bxg6 hxg6 17. Qb3 c6 18. Rae1 Qd7 19. R5e2 Nbd5 ({Black should try} 19... Bd6 $14) 20. Nxd5 $16 cxd5 21. Ne5 $1 {[%cal Re5d7]} Qc7 22. Ng4 {Hoping for Bxf6.} Qd7 23. Bxf6 (23. g3 $16) 23... Bxf6 $11 24. Rxe8+ Rxe8 25. Rxe8+ Qxe8 26. Qxd5 Qa4 (26... Qe1+ $11 {keeps the balance.} 27. Kh2 Qd2) 27. Ne5 (27. Qb3 $16 Qxd4 28. Nxf6+ (28. Qxb7 Qd1+ 29. Kh2 Qd6+ 30. g3 Bd4 $16) 28... gxf6 29. Qxb7) 27... Bxe5 28. Qxe5 Qxa2 {[%mdl 4096] Endgame KQ-KQ} ({Black should play} 28... Qd1+ $1 $11 29. Kh2 Qd2) 29. d5 $14 Qb1+ 30. Kh2 {aiming for d6.} Qf5 31. f4 a5 $1 {...Qxe5 is the strong threat.} 32. d6 {Threatens to win with Qxf5.} Qxe5 $1 33. fxe5 $11 {d7 would kill now. KP-KP} Kf8 34. Kg3 b5 $2 {[%mdl 8192]} (34... Ke8 $11) 35. Kf3 a4 36. Ke4 b4 37. Kd4 a3 38. bxa3 bxa3 39. Kc3 Ke8 40. h4 {White mates.} Kd7 41. g4 $1 Ke6 42. g5 $1 ({Don't go for} 42. Kb3 $2 f5 $19) 42... a2 43. Kb2 f5 {[#]} 44. exf6 $1 gxf6 {[#]} 45. h5 $1 {[%cal Rh5h6]} gxh5 46. g6 h4 47. g7 Kd5 {Accuracy: White = 84%, Black = 68%.} 1-0

[Event "Anderssen Memorial Open-A 2020"]
[Site "Wroclaw"]
[Date "2020.08.02"]
[Round "3.9"]
[White "Trybus, Daniel"]
[Black "Kowalczyk, Wojciech"]
[Result "1/2-1/2"]
[WhiteElo "1950"]
[BlackElo "1873"]
[Annotator "TA"]
[PlyCount "90"]
[EventDate "2020.08.01"]
[EventType "swiss"]
[EventCountry "POL"]
[SourceTitle "playchess.com"]
[Source "ChessBase"]
[SourceQuality "1"]

{[%evp 20,90,19,0,41,39,36,43,34,30,50,55,100,11,11,11,11,14,13,12,5,9,6,0,0,0,0,0,94,43,55,64,44,52,72,11,11,16,21,0,0,0,0,0,0,0,0,0,14,1,8,0,0,0,0,0,0,0,0,0,22,16,280,8,8,8,20,0,14,14,22,8,8]} 1. e4 c5 2. Nf3 d6 3. d4 cxd4 4. Nxd4 Nf6 5. Nc3 g6 6. Be3 Bg7 7. f3 O-O 8. Qd2 Nc6 9. O-O-O d5 10. Nxc6 bxc6 11. Bh6 $1 {[%mdl 4] is more profitable than 11.exd5 at the moment.} Be6 {B76: Sicilian Dragon: Yugoslav Attack, 9 g4 and 9 0-0-0.} 12. Bxg7 $1 Kxg7 13. exd5 Bxd5 {White is slightly better.} 14. h4 {[#]} Qa5 $146 ({Predecessor:} 14... h5 15. Nxd5 cxd5 16. g4 e6 17. Bd3 Rh8 18. Qf4 Qb8 19. Qg5 Qd6 20. Rdg1 Rab8 {0-1 (41) Turner,M (2225)-Payen,A (2215) Krumbach 1991}) 15. h5 Bxa2 16. g4 ({White should try} 16. hxg6 $16 {Black must now prevent Qh6+.} fxg6 17. Qh6+ (17. Nxa2 Qxa2 18. Qc3 Rad8 $11) 17... Kh8 18. Bd3) 16... Rfd8 $1 $11 {[%cal Rd8d2]} 17. Bd3 Bc4 $1 18. hxg6 Bxd3 19. Qh6+ Kg8 20. gxf7+ Kxf7 21. Rxd3 Rxd3 22. cxd3 {[#] g5 is the strong threat.} Rb8 {Threatens to win with ...Qa1+.} 23. Rh2 {aiming for g5.} Rg8 (23... Qa1+ $11 {keeps the balance.} 24. Nb1 Rb5) 24. Kc2 (24. Qf4 $16) 24... Qg5 25. Ne4 Qxh6 26. Rxh6 $14 {[%mdl 4096] Endgame And now Nxf6 would win. KRN-KRN} Kg7 27. g5 (27. Nxf6 $16 exf6 28. Rh5) 27... Nd5 28. Nc5 Kf7 29. Ne4 Kg7 30. Kb3 Rb8+ 31. Kc4 Rxb2 32. Rxc6 Nb6+ 33. Kd4 {Hoping for Rc7.} a5 34. f4 Rb5 35. Rc7 Rd5+ 36. Ke3 Rd7 37. Rc5 Nd5+ 38. Kf3 Nb4 39. Rxa5 Nxd3 40. f5 h5 $2 {[%mdl 8192] [#]} (40... Kf7 $11 {and Black stays safe.}) 41. f6+ $2 (41. Ng3 $1 $18 {[%cal Rg3h5]} Rd8 42. Nxh5+ Kf8 43. g6) 41... Kf7 $11 {The position is equal.} 42. Rf5 exf6 43. gxf6 Kg6 44. Rg5+ Kh6 45. Ke3 Nb4 {Accuracy: White = 76%, Black = 82%.} 1/2-1/2

[Event "Anderssen Memorial Open-A 2020"]
[Site "Wroclaw"]
[Date "2020.08.02"]
[Round "3.10"]
[White "Gardian, Adam"]
[Black "Vanduyfhuys, Daria"]
[Result "1-0"]
[WhiteElo "1723"]
[BlackElo "1985"]
[Annotator "TA"]
[PlyCount "83"]
[EventDate "2020.08.01"]
[EventType "swiss"]
[EventCountry "POL"]
[SourceTitle "playchess.com"]
[Source "ChessBase"]
[SourceQuality "1"]

{[%evp 15,82,-6,-6,-8,-8,-31,-31,-40,-26,-30,-30,-33,-21,-45,-35,-39,-19,-27,0,0,14,0,0,0,0,-16,-27,-16,-21,-100,0,-321,-317,-297,-267,-544,-543,-518,-547,-581,-537,-659,-401,-602,-559,-514,-514,-594,-397,-394,-402,-706,-709,-760,-739,-793,-791,-888,-766,-780,-772,-922,641,617,29997,29998,29998,29999,29999]} 1. d4 d5 2. Bf4 Nf6 3. e3 e6 4. Nd2 c5 5. c3 Nc6 6. Ngf3 Bd6 7. Bg3 O-O 8. Bd3 b6 9. Qe2 {D02: 1 d4 d5 2 Nf3 sidelines, including 2...Nf6 3 g3 and 2...Nf6 3 Bf4.} Bb7 10. Ba6 Bxa6 11. Qxa6 {Black is slightly better.} Qc7 {[#]} 12. O-O $146 ({Predecessor:} 12. Bh4 Be7 13. O-O Nd7 14. Bg3 Bd6 15. Qd3 Bxg3 16. hxg3 Nf6 17. e4 dxe4 18. Nxe4 Nxe4 19. Qxe4 cxd4 20. cxd4 {1-0 (44) Ferreira,H (2136)-Guia,A (1686) Lisbon 2019}) 12... Bxg3 13. hxg3 Rad8 14. a4 c4 15. b3 $1 Nb8 16. Qb5 {[%cal Rb3c4]} cxb3 (16... a6 $5 {[%cal Ra6b5]} 17. Qb4 Nc6 $11) 17. Rfc1 Qd7 {aiming for ...Qxb5.} 18. Nxb3 Rc8 19. Ne5 Qd6 20. a5 Ne4 21. c4 f6 $36 {[%mdl 2048] White is under pressure.} 22. axb6 (22. Nf3 $1 $11 {remains equal.}) 22... a6 ({Inferior is} 22... fxe5 23. bxa7 Nc6 24. cxd5 $16) (22... Qxb6 $17 23. Qxb6 axb6 24. cxd5 Rxc1+ 25. Rxc1 fxe5 26. dxe6 exd4 27. Nxd4 Na6) 23. Qa4 $2 {[%mdl 8192]} (23. c5 $1 $11 Qd8 24. Nf7 Rxf7 25. Qe2) 23... fxe5 $19 24. c5 Qd8 25. dxe5 $2 (25. Ra2 exd4 26. exd4) 25... Rxf2 {...Qg5! is the strong threat.} 26. b7 Rc7 27. Nd4 Qf8 {( -> ...Rxg2+!)} 28. Rf1 Rcf7 {[%cal Rf2f1]} 29. Nf3 (29. Rxf2 $142 Rxf2 30. Nf3 Nxc5 {[%mdl 64] Double Attack} 31. Qa3) 29... Rxf1+ 30. Rxf1 Nxc5 31. Qg4 Qe7 32. Rc1 Nxb7 33. Nd4 (33. Ng5 $142 Rf5 {[%mdl 64] Double Attack} 34. Rc8+ Rf8 35. Qh4) 33... Nc5 34. Rb1 Nbd7 35. Nc6 Qe8 36. Qd4 Rf8 37. Qh4 Qf7 38. Rb4 Nd3 $4 {[%mdl 8192] [#]} (38... Ne4 $19 39. Kh2 Ndc5) 39. Ne7+ $1 $18 Kh8 {[#]} 40. Qxh7+ $1 {[%mdl 576] Clearance. White mates.} Kxh7 41. Rh4+ Qh5 42. Rxh5# {White used his chance. Accuracy: White = 56%, Black = 75%.} 1-0

[Event "Anderssen Memorial Open-A 2020"]
[Site "Wroclaw"]
[Date "2020.08.02"]
[Round "3.11"]
[White "Szczesniak, Konrad"]
[Black "Peglau, Dora"]
[Result "1-0"]
[WhiteElo "2033"]
[BlackElo "1704"]
[Annotator "ChessBase"]
[PlyCount "93"]
[EventDate "2020.08.01"]
[EventType "swiss"]
[EventCountry "POL"]
[SourceTitle "playchess.com"]
[Source "ChessBase"]
[SourceQuality "1"]
[TimeControl "40/5400+15:1800+30"]

1. d4 {[%emt 0:00:00]} Nf6 {[%emt 0:00:00]} 2. c4 {[%emt 0:00:00]} e6 {[%emt 0:00:00]} 3. Nc3 {[%emt 0:00:00]} Bb4 {[%emt 0:00:00]} 4. e3 {[%emt 0:00:00]} O-O {[%emt 0:00:00]} 5. Bd3 {[%emt 0:00:00]} d5 {[%emt 0:00:00]} 6. Nge2 {[%emt 0:00:00]} Re8 {[%emt 0:00:00]} 7. O-O {[%emt 0:00:00]} c5 {[%emt 0:00:55]} 8. Nf4 {[%emt 0:00:00]} cxd4 {[%emt 0:01:07]} 9. exd4 {[%emt 0:00:00]} dxc4 {[%emt 0:00:23]} 10. Bxc4 {[%emt 0:00:00]} Nc6 {[%emt 0:01:30]} 11. Be3 {[%emt 0:01:59]} e5 {[%emt 0:09:41]} 12. dxe5 {[%emt 0:06:20]} Nxe5 {[%emt 0:00:17]} 13. Bb3 {[%emt 0:02:20]} Bf5 {[%emt 0:03:17]} 14. Ncd5 {[%emt 0:01:48]} Nxd5 {[%emt 0:03:42]} 15. Bxd5 {[%emt 0:00:48]} Qd7 {[%emt 0:05:02]} 16. Qb3 {[%emt 0:00:27]} a5 {[%emt 0:02:43]} 17. a3 {[%emt 0:00:12]} Bf8 {[%emt 0:01:25]} 18. Rfd1 {[%emt 0:00:42]} Qe7 {[%emt 0:04:30]} 19. Bd4 {[%emt 0:03:08]} Nc6 {[%emt 0:09:20]} 20. Bc3 {[%emt 0:00:35]} Qc7 {[%emt 0:06:05]} 21. Qc4 {[%emt 0:03:40]} Bd6 {[%emt 0:04:12]} 22. Bxf7+ {[%emt 0:00:16]} Qxf7 {[%emt 0:01:12]} 23. Qxf7+ {[%emt 0:00:00]} Kxf7 {[%emt 0:00:00]} 24. Rxd6 {[%emt 0:00:00]} Re4 {[%emt 0:01:07]} 25. Nh5 {[%emt 0:00:17]} Rg4 {[%emt 0:12:27]} 26. f3 {[%emt 0:01:40]} Rg5 {[%emt 0:00:28]} 27. g4 {[%emt 0:00:38]} Rg8 {[%emt 0:08:06]} 28. Kf2 {[%emt 0:01:23]} Rg6 {[%emt 0:01:38]} 29. Rad1 {[%emt 0:00:28]} Rxd6 {[%emt 0:00:29]} 30. Rxd6 {[%emt 0:00:00]} Bc8 {[%emt 0:00:37]} 31. Rd5 {[%emt 0:00:45]} h6 {[%emt 0:01:37]} 32. Bxa5 {[%emt 0:00:12]} Be6 {[%emt 0:02:56]} 33. Rb5 {[%emt 0:00:53]} Nxa5 {[%emt 0:00:31]} 34. Rxa5 {[%emt 0:00:00]} Rc8 {[%emt 0:00:05]} 35. Rb5 {[%emt 0:00:07]} Rc7 {[%emt 0:00:39]} 36. Nf4 {[%emt 0:00:01]} Bd7 {[%emt 0:00:05]} 37. Rb4 {[%emt 0:00:32]} Rc2+ {[%emt 0:00:06]} 38. Ke3 {[%emt 0:00:00]} Bc6 {[%emt 0:00:11]} 39. h4 {[%emt 0:00:04]} Rc1 {[%emt 0:00:46]} 40. Nd3 {[%emt 0:00:00]} Rh1 {[%emt 0:00:00]} 41. Ne5+ {[%emt 0:15:26]} Ke6 {[%emt 0:16:05]} 42. Nxc6 {[%emt 0:00:06]} bxc6 {[%emt 0:00:06]} 43. h5 {[%emt 0:00:12]} Rd1 {[%emt 0:00:39]} 44. Rb7 {[%emt 0:00:27]} Kf6 {[%emt 0:00:16]} 45. Rb6 {[%emt 0:00:18]} Rc1 {[%emt 0:00:34]} 46. a4 {[%emt 0:00:17]} Ra1 {[%emt 0:00:37]} 47. Rxc6+ 1-0

[Event "Anderssen Memorial Open-A 2020"]
[Site "Wroclaw"]
[Date "2020.08.02"]
[Round "3.12"]
[White "Krzywda, Andrzej"]
[Black "Skurniak, Szymon"]
[Result "1-0"]
[WhiteElo "2156"]
[BlackElo "2036"]
[Annotator "TA"]
[PlyCount "51"]
[EventDate "2020.08.01"]
[EventType "swiss"]
[EventCountry "POL"]
[SourceTitle "playchess.com"]
[Source "ChessBase"]
[SourceQuality "1"]

{[%evp 10,51,65,62,62,76,139,135,123,147,151,131,218,211,222,204,439,248,257,242,248,210,206,193,297,279,341,351,323,335,379,381,367,338,680,675,689,648,702,790,842,841,1174,1166]} 1. d4 g6 2. e4 Bg7 3. Nc3 c6 4. h3 d5 5. Nf3 Nh6 6. Bd3 O-O {B15: Caro-Kann: 3 Nc3: 3...g6 and 3...dxe4 4 Nxe4 Nf6 5 Nxf6+ exf6.} 7. Qe2 f6 (7... dxe4 $142 8. Nxe4 Nf5) 8. exd5 $16 Nf7 {[#]White is clearly better.} 9. dxc6 $1 Nxc6 10. O-O {[#]} Nb4 $146 (10... Nxd4 $16 {keeps fighting.} 11. Nxd4 Qxd4) ({Predecessor:} 10... f5 11. Be3 e6 12. Rad1 g5 13. Bc4 Na5 14. d5 e5 15. Bxg5 Nxg5 16. Nxg5 Qxg5 {1-0 (35) Strikovic,A (2465)-Gaprindashvili,N (2435) Pula 1990}) 11. Bc4 $18 Bf5 12. Bb3 g5 $2 (12... Nc6 {is a better defense.} 13. Re1 g5) 13. a3 (13. Qb5 $142 Nxc2 14. Qxf5 Nxa1 15. Bc4) 13... Nc6 14. Be3 Kh8 15. Bxf7 Rxf7 16. d5 Nb8 (16... Ne5 {was necessary.} 17. Nxe5 fxe5) 17. Nd4 Qd7 18. f4 gxf4 19. Bxf4 Bg6 20. Ne6 Na6 21. h4 {[#] aiming for h5.} Rg8 $2 (21... h5 22. Rae1 Rg8) 22. h5 {White is clearly winning.} Bf5 23. Bc1 Bh3 24. gxh3 f5 25. Kh2 Nc5 26. Bf4 {Black did not feel at home in the position after the opening. Accuracy: White = 77%, Black = 35%.} 1-0

[Event "Anderssen Memorial Open-A 2020"]
[Site "Wroclaw"]
[Date "2020.08.02"]
[Round "3.13"]
[White "Peglau, Mirjam"]
[Black "Burian, Simon"]
[Result "0-1"]
[WhiteElo "1851"]
[BlackElo "2073"]
[Annotator "TA"]
[PlyCount "94"]
[EventDate "2020.08.01"]
[EventType "swiss"]
[EventCountry "POL"]
[SourceTitle "playchess.com"]
[Source "ChessBase"]
[SourceQuality "1"]

{[%evp 11,94,6,5,-16,-3,-15,14,2,14,16,14,18,9,-22,-5,-11,-15,-41,-33,-34,-4,-11,26,16,90,89,85,-55,-60,-92,-92,-116,-108,-112,-115,-115,-115,-113,-108,-106,-112,-284,-224,-236,-213,-297,-306,-282,-218,-212,-93,-93,-93,-93,-93,-135,-93,-160,-156,-255,-210,-413,-404,-388,-370,-1820,-1808,-1021,-282,-297,-297,-298,-300,-300,-300,-305,-305,-313,-312,-29988,-29989,-29989,-29990,-29991,-29991]} 1. d4 Nf6 2. c4 c5 3. Nf3 cxd4 4. Nxd4 e6 5. Nc3 d5 6. cxd5 Nxd5 7. Nxd5 {A32: Symmetrical English: 2 Nf3 Nf6 3 d4 cxd4 4 Nxd4 e6.} Qxd5 8. e3 a6 9. Qb3 {The position is equal.} Qxb3 10. Nxb3 Nc6 {[%cal Bb8c6,Bc6b4,Bb4a2][%mdl 32] [#]} 11. Be2 $146 ({Predecessor:} 11. a3 Be7 12. Bd2 Bf6 13. O-O-O b6 14. Be2 Bb7 15. Bf3 O-O-O 16. Bxc6 Bxc6 17. Bc3 Bxg2 18. Bxf6 gxf6 19. Rxd8+ Rxd8 {0-1 (46) Planas Garcia,F-Horowitz,I Havana 1952}) 11... e5 12. e4 Be6 13. O-O Nb4 14. Rd1 Nxa2 15. Na5 b5 (15... Bb4 $5 {[%cal Rb4a5]} 16. Nxb7 Ke7 $11) 16. Be3 Be7 17. Nc6 f6 (17... Rc8 $11 {remains equal.} 18. Nxe5 O-O) 18. Nxe7 $16 Kxe7 {[#]} 19. Bc5+ (19. Rd5 $1 $16) 19... Kf7 $15 20. Rd6 {Black should prevent Rxe6.} Rhc8 21. Rxe6 Kxe6 22. Bg4+ Kf7 23. Bxc8 Rxc8 $17 {[%mdl 4096] Endgame KRB-KRN} 24. b4 Nc3 25. f3 Na4 26. Kf2 $2 (26. Be3 $17 {was worth a try.}) 26... Nxc5 27. bxc5 $19 {KR-KR} Rc6 ({Much less strong is} 27... Rxc5 28. Rxa6 Rc2+ 29. Kf1 $17) 28. Kg3 Ke7 (28... Rxc5 29. Rxa6 Rc2 30. Rb6 $17) 29. f4 exf4+ ({Not} 29... Rxc5 30. Rxa6 Kd7 31. fxe5 $17) 30. Kxf4 g5+ ({Don't play} 30... Rxc5 31. Rxa6 g5+ 32. Ke3 $17) (30... Kd7 $19 {is more deadly.} 31. h4 Kc7) 31. Ke3 $17 Rxc5 {aiming for ...Rc6.} 32. Rxa6 h5 33. Rb6 Rc2 34. Kf3 (34. g3 $142) 34... Rb2 35. h3 (35. g3 $17) 35... b4 $19 {[%cal Bb5b4,Bb4b3,Bb3b2][%mdl 32]} 36. g3 $2 (36. e5 f5 37. g3) 36... Rb1 37. h4 b3 38. Kf2 $2 (38. Ke2 b2 39. Kd3) 38... b2 39. Kg2 g4 $2 (39... gxh4 40. gxh4 Kd7) 40. Kh2 Kd7 41. Rb8 Kc7 42. Rb3 Kc6 {Threatens to win with ...Kc5.} 43. Rb8 Kc5 44. Rb7 Kd4 45. Rb4+ $2 {[#]} (45. Kg2 $19) 45... Kc3 {Black mates.} 46. Rb8 Rc1 47. Rc8+ Kd2 {Accuracy: White = 47%, Black = 66%.} 0-1

[Event "Anderssen Memorial Open-A 2020"]
[Site "Wroclaw"]
[Date "2020.08.02"]
[Round "3.14"]
[White "Malecki, Rafal"]
[Black "Roessler, Frank-Peter"]
[Result "1/2-1/2"]
[WhiteElo "2071"]
[BlackElo "1902"]
[Annotator "TA"]
[PlyCount "116"]
[EventDate "2020.08.01"]
[EventType "swiss"]
[EventCountry "POL"]
[SourceTitle "playchess.com"]
[Source "ChessBase"]
[SourceQuality "1"]

{[%evp 10,116,5,-8,0,-16,-16,-18,-18,-21,-1,-16,34,22,41,25,47,42,61,63,100,94,128,123,198,207,212,173,166,160,169,126,133,143,160,151,156,0,83,75,94,91,92,102,93,83,90,30,86,-24,27,-65,100,0,0,0,0,0,34,-181,27,-31,0,-35,-31,-43,-7,-58,-65,-70,0,-167,-100,-103,-92,-76,74,92,89,85,90,82,72,12,87,83,102,86,131,131,120,145,175,175,173,173,164,157,231,121,121,-15,-15,-15,-15,-15,-15,-15,0]} 1. Nf3 f5 2. g3 Nf6 3. Bg2 d6 4. O-O g6 5. d3 Bg7 6. c3 O-O {A04: Unusual lines after 1 Nf3 and King's Indian Attack.} 7. e4 fxe4 8. dxe4 e5 9. Nbd2 {[#]} b6 $146 ({Predecessor:} 9... a5 10. Qc2 Kh8 11. Nc4 Nbd7 12. b4 axb4 13. cxb4 b5 14. Ne3 c5 15. Rd1 Qb6 {1-0 (48) Dragomirescu,A (2231)-Ciungan,D (1844) Mamaia 2019}) 10. Ng5 {Threatening Qb3+.} Qe7 11. f4 h6 12. Ngf3 Bb7 13. Nh4 $36 {[%mdl 2048] Black is under pressure.} Qe8 14. f5 gxf5 15. Nxf5 Nc6 16. Nf3 {[%cal Bd2f3,Bf3h4,Bh4f5][%mdl 32]} Qh5 (16... Kh7 $16) 17. h3 Kh7 18. g4 Qe8 19. N3h4 Ne7 {[%cal Bc6e7,Be7g6,Bg6f4][%mdl 32]} 20. Qd2 Nfg8 21. Qe3 Ng6 22. Nxg7 Rxf1+ 23. Kxf1 $2 (23. Bxf1 $16 Kxg7 24. Nf5+ {[%mdl 64] Double Attack} Kh8 25. Nxh6) 23... Kxg7 (23... Qb5+ $11 24. Kg1 Nxh4) 24. Nf5+ $16 {[%mdl 64] Double Attack} Kh7 25. Nxh6 Qb5+ 26. Kg1 {Black must now prevent Qg5.} Nf4 27. Nf5 Nf6 28. b3 (28. Qf2 $16 Nxg2 29. Nxd6 (29. Qxg2 Qd3 $11) (29. Kxg2 Nxe4 30. Qh4+ Kg8 $16) 29... cxd6 30. Qxf6) 28... Rg8 (28... Qe2 $11 29. Qxe2 Nxe2+ 30. Kf1 Nxc3) 29. Rb1 (29. Ng3 $16) 29... Rg6 (29... Qe2 $142 30. Rb2 Qxe3+ 31. Bxe3 Nxg2 32. Rxg2 Nxe4) 30. c4 ({White should play} 30. Rb2 $11) 30... Qc6 $2 (30... Nxg2 $15 {stays ahead.} 31. cxb5 (31. Kxg2 Qd7 $15) 31... Nxe3 32. Nxe3 Nxe4) 31. Rb2 (31. Bh1 $16) 31... Nxg2 $11 32. Rxg2 {aiming for Nh4.} Qxe4 33. Qxe4 Bxe4 (33... Nxe4 {looks sharper.} 34. g5 Re6 35. Kh2 Kg6 36. Nh4+ Kg7) 34. Nh4 $2 (34. Rf2 $14 {was the only good move.}) 34... Rg7 $2 (34... Bxg2 $19 35. Kxg2 Rg8) 35. Rg3 (35. Rf2 $11 Nd7 36. Nf3) 35... c6 36. Kf2 Bb1 {And now ...Ne4+ would win.} 37. Ke2 d5 38. a3 ({White should try} 38. cxd5 $11 cxd5 39. Rc3) 38... d4 $15 39. Rf3 Nd7 (39... Ne4 $15) 40. g5 $2 (40. Nf5 $11 {and White stays safe.}) 40... b5 (40... Bg6 $19 {Hoping for ...Bh5.} 41. Nxg6 Kxg6) 41. cxb5 $17 cxb5 42. Nf5 Rf7 {[#]} (42... Bxf5 $1 $17 43. Rxf5 Kg6) 43. Nxd4 $1 $16 {[%mdl 576] Discovered Attack} Rxf3 (43... exd4 44. Rxf7+) 44. Nxf3 {[%mdl 4096] Endgame KBN-KBN} Kg6 45. Be3 a5 46. Kf2 (46. b4 $16 axb4 47. axb4) 46... Bc2 (46... b4 $1 $11 {remains equal.}) 47. b4 a4 48. Kg3 Kf5 49. h4 Ke4 50. Kf2 Bd1 51. Nd2+ Kd3 52. g6 Nf6 {[#]} 53. Bg5 $1 {[%cal Rg5f6]} Ng8 (53... Nh5 $16 {keeps fighting.} 54. Nf1 Bb3) 54. Nf3 ({Better is} 54. g7 $18) 54... Ke4 55. h5 (55. Ne1 $16) 55... Bxf3 $11 {The position is equal.} 56. h6 Nxh6 $1 57. Bxh6 Bh5 58. g7 Bf7 {Accuracy: White = 53%, Black = 53%.} 1/2-1/2